LEADER 01299nam--2200385---450- 001 990001982660203316 005 20050510103413.0 035 $a000198266 035 $aUSA01000198266 035 $a(ALEPH)000198266USA01 035 $a000198266 100 $a20040906d1980----km-y0itay0103----ba 101 $abul 102 $aBU 105 $a-|||||||001yy 200 1 $aUcenici i posledovateli na Evtimij Tarnovski$fVtori mezdunaroden simpozium Veliko Tarnovo, 20-23 maj 1976(Discepoli e seguaci di Evtimij Tarnovski) 210 $aSofia$cIzdatelstvo na BAN$d1980 215 $a627 p.$d24 cm 225 1$aTarnovska knizovna skola$v2 300 $aIn testa al front.: Velikotarnovski Universitet "Kiril i Metodij". Institut za balkanistika pri BAN 410 0$12001$aTarnovska knizovna skola$v2 454 1$12001 461 1$1001-------$12001 606 1$aLetteratura bulgara 676 $a891.81 700 1$aTARNOVSKi,$bEvtimij$0565945 801 0$aIT$bsalbc$gISBD 912 $a990001982660203316 951 $aVIII.2.B. 41(XII F Coll. 15/2)$b2050L.M.$cXII F 959 $aBK 969 $aUMA 979 $aSIAV2$b10$c20040906$lUSA01$h1329 979 $aCOPAT3$b90$c20050510$lUSA01$h1034 996 $aUcenici i posledovateli na Evtimij Tarnovski$91047153 997 $aUNISA LEADER 00997nam0-22003131i-450 001 990005634840403321 005 20230927104902.0 010 $a0-8240-2692-6 035 $a000563484 035 $aFED01000563484 035 $a(Aleph)000563484FED01 035 $a000563484 100 $a19990604d1977----km-y0itay50------ba 101 0 $aeng 105 $ayf--r---00--- 200 1 $aRubens and the Counter Reformation$eStudies in his religious Paintings between 1609 and 1620$fThomas L. Glen 210 $aNew York-London$cGarland$d1977 215 $aXII, 308 p., 80 tav.$d21 cm 225 1 $a<>Garland series$eoutstanding dissertations in the fine arts 610 0 $aRubens, Peter Paul 676 $a709$v21$zita 700 1$aGlen,$bThomas L.$0217333 801 0$aIT$bUNINA$gRICA$2UNIMARC 901 $aBK 912 $a990005634840403321 952 $a709/C GARL 01 (32)$bST.ARTE 13824$fFLFBC 959 $aFLFBC 996 $aRubens and the Counter Reformation$9605355 997 $aUNINA